ÉQUIPE DE FRANCE: Liste des 23 bleus (Juin 2023) - Statistiques

Statistiques générales
  • Ce quiz a été pris 294 fois
  • Le résultat moyen est 20 sur 23
Statistiques - réponses
Poste Joueur Club % Correct
Attaquant Kylian Mbappé Paris Saint-Germain
98%
Milieu Antoine Griezmann Atletico Madrid
97%
Attaquant Olivier Giroud AC Milan
96%
Gardien Mike Maignan AC Milan
94%
Défenseur Theo Hernandez AC Milan
94%
Milieu Aurélien Tchouaméni Real Madrid
90%
Attaquant Ousmane Dembélé FC Barcelone
90%
Milieu Adrien Rabiot Juventus
89%
Gardien Alphonse Aréola West Ham
89%
Défenseur Benjamin Pavard Bayern Munich
89%
Milieu Eduardo Camavinga Real Madrid
88%
Attaquant Kingsley Coman Bayern Munich
88%
Attaquant Randal Kolo Muani Eintracht Francfort
88%
Défenseur Jules Koundé FC Barcelone
85%
Gardien Brice Samba RC Lens
84%
Défenseur Dayot Upamecano Bayern Munich
82%
Attaquant Christopher Nkunku RB Leipzig
81%
Défenseur Ibrahima Konaté Liverpool
81%
Attaquant Marcus Thuram Borussia Mönchengladbach
81%
Défenseur Wesley Fofana Chelsea
80%
Milieu Youssouf Fofana AS Monaco
80%
Défenseur Ferland Mendy Real Madrid
78%
Défenseur Axel Disasi AS Monaco
74%
Aucun quiz correspondant
Distribution des résultats
% des personnes avec chaque résultat
Percentile par nombre de réponses
Votre historique - résultats
Vous n’avez pas pris ce quiz